| 000 | 00400nam a22001457a 4500 | ||
|---|---|---|---|
| 020 | _a 9786074371697 | ||
| 040 | _cNUST | ||
| 082 | _a747 HAR | ||
| 100 |
_aHaro, Fernando De _988979 |
||
| 110 |
_aFuentes, Omar _988980 |
||
| 245 |
_aInteriors: _bPractical Atmosphere |
||
| 260 |
_aMexico: _bAM Publishers, _c2011. |
||
| 650 |
_a Interior decoration. Decoración interior. _989393 |
||
| 942 |
_2ddc _cBK |
||
| 999 |
_c587829 _d587829 |
||